000
00279nam a2200109Ia 4500
008
220204s9999 xx 000 0 und d
082
_a
674:66
_b
GOL
245
0
_a
Wood technology: Chemical aspects
260
_a
Washington
_b
ACS
_c
1977
700
_a
Goldstein, Irving S
942
_c
BK
999
_c
39021
_d
39021